书目信息 |
| 题名: |
党政机关国内公务接待管理规定
|
|
| 作者: | 党政机关国内公务接待管理规定 | |
| 分册: | ||
| 出版信息: | 北京 中国法制出版社 2014.02 |
|
| 页数: | 11页 | |
| 开本: | 20cm | |
| 丛书名: | ||
| 单 册: | ||
| 中图分类: | D630.1 | |
| 科图分类: | ||
| 主题词: | 政治--中国 | |
| 电子资源: | ||
| ISBN: | 7-5093-5136-7 | |
| 000 | 00717nam0 2200193 450 | |
| 001 | 1835781535 | |
| 005 | 20180615095835.07 | |
| 010 | @a7-5093-5136-7@dCNY4.00 | |
| 100 | @a20180615d2014 km y0chiy0120 ea | |
| 101 | 0 | @achi |
| 102 | @aCN@b110000 | |
| 200 | 1 | @a党政机关国内公务接待管理规定@Adang zheng ji guan guo nei gong wu jie dai guan li gui ding@f党政机关国内公务接待管理规定@Fdang zheng ji guan guo nei gong wu jie dai guan li gui ding |
| 210 | @a北京@c中国法制出版社@d2014.02 | |
| 215 | @a11页@d20cm | |
| 606 | 0 | @a政治@x中国 |
| 690 | @aD630.1@v4 | |
| 701 | 0 | @a党政机关国内公务接待管理规定@Adang zheng ji guan guo nei gong wu jie dai guan li gui ding |
| 801 | 0 | @aCN@bMUSE@c20180615 |
| 905 | @aMUSE@dD630.1@eD179 | |
| 党政机关国内公务接待管理规定/党政机关国内公务接待管理规定.-北京:中国法制出版社,2014.02 |
| 11页;20cm |
| ISBN 7-5093-5136-7:CNY4.00 |
| ● |
| 相关链接 |
|
|
|
正题名:党政机关国内公务接待管理规定
索取号:D630.1/D179
 
预约/预借
| 序号 | 登录号 | 条形码 | 馆藏地/架位号 | 状态 | 备注 |
| 1 | 1302144 | 213021442 | 社科库509/ [索取号:D630.1/D179] | 在馆 |